GUYTON & HALL TB. OF MEDICAL PHYSIOLOGY (Record no. 30672)

MARC details
000 -LEADER
fixed length control field 00361nam a22001577a 4500
003 - CONTROL NUMBER IDENTIFIER
control field SGT
020 ## - INTERNATIONAL STANDARD BOOK NUMBER
International Standard Book Number 9788131269671
082 ## - DEWEY DECIMAL CLASSIFICATION NUMBER
Classification number 612
Item number G24H
100 ## - MAIN ENTRY--PERSONAL NAME
Personal name HALL, JOHN E.
245 ## - TITLE STATEMENT
Title GUYTON & HALL TB. OF MEDICAL PHYSIOLOGY
250 ## - EDITION STATEMENT
Edition statement 4TH S.A
260 ## - PUBLICATION, DISTRIBUTION, ETC. (IMPRINT)
Place of publication, distribution, etc INDIA
Name of publisher, distributor, etc ELSEVIER PUB
Year of Publication 2024
300 ## - PAGE DESCRIPTION
No. of Pages 1146
650 ## - SUBJECT ADDED ENTRY--TOPICAL TERM
Topical term or geographic name as entry element HUMAN PHYSIOLOGY
942 ## - ADDED ENTRY ELEMENTS (KOHA)
Source of classification or shelving scheme Dewey Decimal Classification
Koha item type Books
Holdings
Withdrawn status Lost status Source of classification or shelving scheme Damaged status Not for loan Collection code Home library Current library Shelving location Date acquired Vendor Name Cost, normal purchase price SGTU Bill Number Total Checkouts Full call number Accession No. (Barcode) Date last seen Bill Date Koha item type Checked out Date last borrowed
    Dewey Decimal Classification   Not For Loan MEDICAL SGT Medical Library SGT Medical Library Reference Book 11/02/2025 ABC DELHI 2395.00 SGTU 20461   612 G24H FM14862 05/04/2025 11/02/2025 Books    
    Dewey Decimal Classification     MEDICAL SGT Medical Library SGT Medical Library Reference Book 11/02/2025 ABC DELHI 2395.00 SGTU 20461 21 612 G24H FM14863 28/05/2026 11/02/2025 Books 11/06/2026 28/05/2026